000 01212nam0a22002891 4500
001 rc\978362
005 20041129101103.7
035 _a(NLR Aleph) 006146585
090 _a5717911
_c5717911
100 _a20041129d1982 u |0rusy50 ca
101 0 _arus
102 _aRU
105 _aa |||||||||
200 1 _aФазовый наклеп аустенитных сплавов на железоникелевой основе
_f[К.А. Малышев, В.В. Сагарадзе, И.П. Сорокин и др.
_gОтв. ред. В.Д. Садовский]
210 _aМ.
_cНаука
_d1982
215 _a260 с.
_cил.
_d21
300 _aАвт. указаны на 5-й с.
300 _aВ надзаг.: АН СССР, Урал. науч. центр, Ин-т физики металлов
320 _aБиблиогр.: с. 249-258 (316 назв.)
701 1 _aМалышев
_bК. А.
702 1 _aСадовский
_bВ. Д.
_gВиссарион Дмитриевич
_4340
712 0 2 _aИнститут физики металлов
_cСвердловск
_3RU\NLR\AUTH\889960500
801 0 _aRU
_bNLR
_gpsbo
801 1 _aRU
_bELAR
_2rusmarc
852 _aNLR
_j82-5/2570
942 _cBOOK
980 _aNB